Statistiken für Länder nach Satellitenbild #1

Klicken Sie hier um das Quiz zu spielen!

Allgemein

  • Dieses Quiz wurde 1,597 mal gespielt
  • Das Durchschnittsergebnis liegt bei 11 aus 16

Antwortstatistiken

Answer % Korrekt
Italien
100%
Australien
99%
Island
97%
Vereinigtes Königreich
97%
Frankreich
94%
China
92%
Portugal
86%
Panama
85%
Brasilien
79%
Tunesien
55%
Bahamas
54%
Malaysia
53%
Fidschi
43%
Kap Verde
38%
Vereinigte Arabische Emirate
37%
Tansania
33%

Verteilung der Resultate

Perzentil nach korrekt beantworteten Fragen

Anzahl Personen mit jedem Resultat

Ihre Resultats-Entwicklung

Sie haben dieses Quiz noch nicht gespielt